| 000 | 00802cam a22002291 4500 | ||
|---|---|---|---|
| 001 | sa 67001822 | ||
| 003 | DLC | ||
| 005 | 20260227112326.0 | ||
| 008 | 850123s1965 ii a b f100 0 eng | ||
| 010 | _asa 67001822 | ||
| 025 | _aPL480:I-E-6373 | ||
| 040 |
_aDLC/ICU _cICU _dDLC |
||
| 050 | 0 | 0 |
_aQC454 _b.S95 1965 |
| 111 | 2 |
_aSymposium on Spectroscopy at Radio and Microwave Frequencies _d(1964 : _cBombay, India) |
|
| 245 | 0 | 0 | _aProceedings. |
| 260 |
_aNew Delhi, _bNational Institute of Sciences of India, _c1965. |
||
| 300 |
_aviii, 123 p. _billus. _c24 cm. |
||
| 490 | 1 |
_aBulletin of the National Institite of Sciences of India, _vno. 30 |
|
| 504 | _aIncludes bibliographies. | ||
| 650 | 0 | _aMicrowave spectroscopy. | |
| 830 | 0 |
_aBulletin of the National Institute of Sciences of India ; _vno. 30. |
|
| 999 |
_c72875 _d72875 |
||